000 00524nam a22001817a 4500
005 20251108172727.0
008 250721s2002 xx 000 0 ara d
082 1 4 _a210.413343/عطو
100 1 _aعطون، أحمد موسى
_eمؤلف
245 1 0 _aإرشاد الحيران إلى العلاج بالقرآن /
264 1 _aعمان :
_bدار البيت العتيق،
_c2002.
300 _a120ص
650 1 7 _aالقرآن
650 1 7 _aالطب
650 1 7 _aالسحر
942 _2ddc
_cBK
999 _c87001
_d87001